000 00341 a2200145 4500
001 149450
040 _cEscola São Tomás de Aquino
100 _aMURRAY, Roseana
240 1 0 _aSete sonhos e um amigo
_lpor
245 1 0 _aSete sonhos e um amigo
362 0 _a2004
440 1 _aFTD
697 _a*LITERATURA INFANTO JUVENIL
942 _cBK
999 _c149450
_d149450